000 00787nam a22003010a 4500
001 PT58307
003 AR-LpoUNG
005 20210131231849.0
008 191001s2015||||ag |||||||||||||||||spa d
020 _a9789873854033
_c$10
040 _aAR-LpoUNG
_bspa
_cAR-LpoUNG
_eaacr
041 _aspa
044 _aag
082 0 _a808.068 3 571bar
100 1 _aSiemens, Sandra
245 1 0 _aBarrilete
250 _a1ra. ed.
260 _aBuenos Aires :
_bDel Naranjo,
_c2015.
300 _a[32] p. :
_bil.
505 0 _aSugerido a partir de 6 aƱos (etiqueta AMARILLA)
650 4 _aCUENTOS
650 4 _aLITERATURA
651 4 _aDOCUMENTOS TEORICOS O METODOLOGICOS
653 _aLITERATURA INFANTIL
700 1 _aBilotti, Viviana
_eil.
905 _a58307
942 _cLIB
999 _c12286
_d12286